|
|
|
|
| LEADER |
01140nam a2200289 a 4500 |
| 001 |
4291 |
| 003 |
BD-DhAAL |
| 005 |
20150105111453.0 |
| 008 |
150105s1980 ii b 001 0 eng |
| 010 |
|
|
|a 80904772
|
| 040 |
|
|
|a DLC
|c DLC
|d DLC
|d BD-DhAAL
|
| 050 |
0 |
0 |
|a HB1050.B6
|b R44
|
| 082 |
0 |
0 |
|a 304.6/3/0954792
|2 19
|
| 100 |
1 |
|
|a Rele, J. R.
|9 7095
|
| 245 |
1 |
0 |
|a Fertility and family planning in Greater Bombay /
|c J.R. Rele, Tara Kanitkar.
|
| 260 |
|
|
|a Bombay :
|b Popular Prakashan,
|c 1980.
|
| 300 |
|
|
|a xiv, 217 p. ;
|c 22 cm.
|
| 500 |
|
|
|a At head of title: International Institute for Population Studies.
|
| 504 |
|
|
|a Includes bibliographical references and index.
|
| 541 |
|
|
|e 4291
|
| 650 |
|
0 |
|a Fertility, Human
|z India
|z Mumbai Metropolitan Area.
|9 7096
|
| 650 |
|
0 |
|a Family planning
|z India
|z Mumbai Metropolitan Area.
|9 7097
|
| 700 |
1 |
|
|a Kanitkar, Tara.
|9 7098
|
| 710 |
2 |
|
|a International Institute for Population Studies.
|9 7099
|
| 942 |
|
|
|2 ddc
|c BK
|
| 999 |
|
|
|c 33384
|d 33384
|
| 952 |
|
|
|0 0
|1 0
|2 ddc
|4 0
|6 304_630954792000000_REL
|7 0
|9 44623
|a BRACUL
|b BRACUL
|c GEN
|d 2015-01-05
|g 60.00
|l 0
|o 304.630954792 REL
|p 3010004291
|r 2015-01-05
|t 1
|w 2015-01-05
|y BK
|